| 000 | 01207cam a22003497a 4500 | ||
|---|---|---|---|
| 003 | CHAP | ||
| 005 | 20220817043056.0 | ||
| 008 | 971010s1988 r 00010 d | ||
| 010 | _a64828 | ||
| 011 | _a65800 | ||
| 035 | _a73197 | ||
| 040 | _cCHAP | ||
| 082 | 0 | 4 |
_a301.444 _bF5 |
| 100 | 0 | 0 |
_aFlores Lua, Graciela. _941614 |
| 245 | 1 | 4 |
_aLas voces del campo _b: movimiento campesino y política agraria, 1976-1984 |
| 260 |
_aMéxico, D. F. : _bSiglo XXI, _c1988 |
||
| 300 | _a254 p. | ||
| 590 |
_aBATCH-UPD _b10 _c20130110 _lUCH01 _h0441 |
||
| 590 |
_aBATCH-UPD _b10 _c20130410 _lUCH01 _h0117 |
||
| 590 |
_aBATCH-UPD _b10 _c20130914 _lUCH01 _h0828 |
||
| 590 |
_aBATCH-UPD _b10 _c20161124 _lUCH01 _h1711 |
||
| 590 |
_aCONVERSION _b10 _c20130109 _lUCH01 _h1335 |
||
| 650 | 1 | 4 |
_aCampesinado _zMéxico. |
| 650 | 1 | 4 |
_aTierras _xTenencia _zMéxico. _9113215 |
| 651 | 4 |
_aMéxico _xPolítica y gobierno. _976783 |
|
| 700 | 0 |
_aParé O., Luisa. _985658 |
|
| 700 | 0 |
_aSarmiento Silva, Sergio. _9102648 |
|
| 901 | _aBK | ||
| 942 | _cLIBRO | ||
| 949 |
_a301.444 F5 _bBC _cLIBRO _d33724000040333 _eLIBRO _gI. c/e _h87848 _i73197 _si _t27.00 |
||
| 949 |
_a301.444 F5 _bBC _cLIBRO _d33724000840484 _eLIBRO _fc.2 _gDonaciØn _h100832 _i73197 _si |
||
| 999 |
_c64828 _d64828 |
||